Proceedings of the second Annual Workshop on Computational Learning Theory, University of California, Santa Cruz July 31-August 2, 1989

Saved in:
Bibliographic Details
Format: Book
Language:English
Published: San Mateo : Morgan Kaufmann Publishers, 1989
Tags: Add Tag
No Tags, Be the first to tag this record!

MARC

LEADER 00000nam a22000003a 4500
001 stu276688
005 20141123193454.4
008 131023s--------xxu-----------------eng-d
020 |a 1-55860-086-8 
040 |a STU  |b slo 
041 0 |a eng 
044 |a xxu 
245 |a Proceedings of the second Annual Workshop on Computational Learning Theory, University of California, Santa Cruz July 31-August 2, 1989 
260 |a San Mateo :  |b Morgan Kaufmann Publishers,  |c 1989 
300 |a 389 s 
996 |b I7791  |l II680  |s A  |a 24  |w stu276688_0001